[Event "BL 9192 Bielefeld-Bochum"]
[Site "?"]
[Date "1992.??.??"]
[Round "?.3"]
[White "Schulz, KJ."]
[Black "Panzer, P."]
[Result "1-0"]
[WhiteElo "2400"]
[BlackElo "2355"]
[PlyCount "165"]
[EventDate "1992.??.??"]

1. d4 Nf6 2. Nf3 g6 3. c4 Bg7 4. g3 O-O 5. Bg2 d5 6. cxd5 Nxd5 7. O-O Nb6 8.
Nc3 Nc6 9. e3 e5 10. d5 Ne7 11. e4 Bg4 12. a4 c6 13. a5 Nbc8 14. a6 bxa6 15. h3
Bxf3 16. Bxf3 cxd5 17. exd5 Nd6 18. Rxa6 Nef5 19. Qa4 Re8 20. Bg2 Re7 21. Bg5
f6 22. Bd2 Rb8 23. Qa2 Rb6 24. Ra5 Rxb2 25. Qxb2 Qxa5 26. Ne4 Qb6 27. Qxb6 axb6
28. Bb4 Rd7 29. Nxd6 Nxd6 30. Rc1 Bf8 31. Rc6 b5 32. Bf1 Ne8 33. Bxb5 Bxb4 34.
Rc8 Ra7 35. Rxe8+ Kf7 36. Rb8 Ke7 37. Bc4 Bc5 38. Rc8 Bd4 39. Rc6 Rb7 40. Re6+
Kd7 41. Rxf6 Rb2 42. g4 g5 43. Rf7+ Kd6 44. Rf6+ Kd7 45. Kf1 e4 46. Re6 Rxf2+
47. Ke1 Rf6 48. Bb5+ Kd8 49. Rxe4 Bc5 50. Ke2 h6 51. Rc4 Bd6 52. Ra4 Kc7 53.
Ra6 Be5 54. Rxf6 Bxf6 55. Kd3 Kd6 56. Ke4 Be5 57. Bc4 Bg3 58. Kf5 Kc5 59. Ba2
Kd6 60. Bb3 Ke7 61. Kg6 Bh4 62. Kxh6 Kd6 63. Kg6 Ke7 64. Bc4 Kd6 65. Kf6 Kd7
66. Bd3 Kd6 67. Be4 Kd7 68. Bf5+ Kd6 69. Be6 Kc5 70. Ke7 Bg3 71. Bf7 Bd6+ 72.
Kf6 Bf4 73. Kf5 Bd2 74. Ke6 Ba5 75. Bg6 Bc7 76. Be4 Bg3 77. Bh1 Bf4 78. h4 gxh4
79. Kf5 Be3 80. g5 Kd6 81. Kf6 Kd7 82. g6 Ke8 83. g7 1-0

[Event "BL 9192 Bielefeld-Bochum"]
[Site "?"]
[Date "1992.??.??"]
[Round "?.7"]
[White "Von Gleich, A."]
[Black "Pohl Kuemmel, J."]
[Result "1-0"]
[WhiteElo "2325"]
[BlackElo "2245"]
[PlyCount "99"]
[EventDate "1992.??.??"]

1. Nf3 c5 2. c4 Nc6 3. d4 cxd4 4. Nxd4 g6 5. e4 Bg7 6. Be3 Nf6 7. Nc3 d6 8. Be2
O-O 9. O-O Bd7 10. Qd2 Nxd4 11. Bxd4 Bc6 12. f3 Nd7 13. Bf2 a5 14. Rab1 Nc5 15.
b3 f5 16. exf5 Rxf5 17. a3 Rf7 18. b4 axb4 19. axb4 Ne6 20. Bd1 Be5 21. Bb3 Nf4
22. Ne4 Bxe4 23. fxe4 Qf8 24. c5 e6 25. Be3 Ra3 26. Bxf4 Bxf4 27. Rxf4 Rxb3 28.
Rbf1 Rxf4 29. Rxf4 Rb1+ 30. Kf2 Qg7 31. Qxd6 Rb2+ 32. Kg3 Rb3+ 33. Rf3 Rxf3+
34. gxf3 Qf6 35. Qb8+ Kg7 36. Qxb7+ Kh6 37. Qd7 Qe5+ 38. Kh3 Qh5+ 39. Kg2 Qg5+
40. Kf2 Qh4+ 41. Kg2 Qg5+ 42. Kf1 Qf4 43. Qd3 Qxh2 44. c6 Kg5 45. Qe3+ Kf6 46.
Qc3+ Kg5 47. c7 Qh1+ 48. Ke2 Qh2+ 49. Kd1 Qg1+ 50. Kc2 1-0

[Event "BL 9192 Bielefeld-Bochum"]
[Site "?"]
[Date "1992.??.??"]
[Round "?.8"]
[White "Meier, V."]
[Black "Illner, A."]
[Result "1/2-1/2"]
[WhiteElo "2295"]
[BlackElo "2350"]
[PlyCount "90"]
[EventDate "1992.??.??"]

1. e4 c5 2. Nf3 Nc6 3. Bb5 g6 4. O-O Bg7 5. c3 Nf6 6. Re1 O-O 7. d4 cxd4 8.
cxd4 d5 9. e5 Ne4 10. Nc3 Bf5 11. Nh4 Nxc3 12. bxc3 Bd7 13. Bd3 Rc8 14. Bf4 Na5
15. Rc1 Nc4 16. Qf3 Qa5 17. Bg5 Rfe8 18. Qg3 Rc6 19. Nf3 Qxa2 20. Qh4 f6 21.
Bh6 Qa3 22. Bxc4 Rxc4 23. e6 Bc8 24. Bd2 Qd6 25. Rb1 b6 26. Bf4 Qc6 27. Qg4
Rxc3 28. h4 f5 29. Qg3 Bxe6 30. Be5 Bf7 31. h5 Bxe5 32. Rxe5 Rc1+ 33. Rxc1
Qxc1+ 34. Re1 Qh6 35. hxg6 Qxg6 36. Qc7 a5 37. Ne5 Qd6 38. Qc1 Bg6 39. Qf4 Rf8
40. Rc1 Be8 41. Rc3 Kh8 42. Rg3 Qf6 43. Rh3 b5 44. Rh6 Qg7 45. Rb6 a4 1/2-1/2

[Event "BL 9192 Sindelfingen-FTG Frankfurt"]
[Site "?"]
[Date "1992.??.??"]
[Round "?.1"]
[White "Lobron, E."]
[Black "Rajkovic, D."]
[Result "1-0"]
[WhiteElo "2575"]
[BlackElo "2470"]
[PlyCount "67"]
[EventDate "1992.??.??"]

1. d4 Nf6 2. c4 e6 3. Nf3 b6 4. Nc3 Bb4 5. Bg5 Bb7 6. e3 h6 7. Bh4 c5 8. Be2
cxd4 9. exd4 O-O 10. O-O Be7 11. Ne5 a6 12. Bf3 Ra7 13. Rc1 d6 14. Nd3 Nc6 15.
Bxc6 Bxc6 16. d5 Bd7 17. dxe6 Bxe6 18. Nb4 Qd7 19. Qd4 b5 20. cxb5 axb5 21. Nc6
Rb7 22. Nxe7+ Qxe7 23. Ne4 Bf5 24. Nxf6+ gxf6 25. Rce1 Qd7 26. Bxf6 Kh7 27. Qd5
Qc8 28. Rc1 Qd7 29. Rfe1 Rc8 30. Rxc8 Qxc8 31. h4 h5 32. a3 Rc7 33. Bc3 Rc4 34.
Qxf7+ 1-0

[Event "BL 9192 Sindelfingen-FTG Frankfurt"]
[Site "?"]
[Date "1992.??.??"]
[Round "?.3"]
[White "Gutman, L."]
[Black "Fahnenschmidt, G."]
[Result "0-1"]
[WhiteElo "2465"]
[BlackElo "2375"]
[PlyCount "74"]
[EventDate "1992.??.??"]

1. c4 Nf6 2. d4 e6 3. Nc3 Bb4 4. f3 d5 5. a3 Bxc3+ 6. bxc3 c5 7. cxd5 Nxd5 8.
dxc5 Qa5 9. e4 Nf6 10. Be3 O-O 11. Qb3 Nfd7 12. a4 Qc7 13. Qa3 Nc6 14. Nh3 Na5
15. Rd1 e5 16. Nf2 Nf6 17. Be2 Be6 18. O-O Rac8 19. Qb4 Nb3 20. Nd3 Nd7 21. f4
Ndxc5 22. f5 Na6 23. Qa3 Bc4 24. Qb2 Nac5 25. Nxc5 Nxc5 26. Bxc4 Nxa4 27. Bxf7+
Qxf7 28. Qa1 Nxc3 29. Rde1 a6 30. Bf2 Rc4 31. Bg3 Re8 32. f6 gxf6 33. Bh4 Nxe4
34. Qd1 Nc3 35. Qf3 f5 36. Bg3 f4 37. Bh4 Nd5 0-1

[Event "BL 9192 Sindelfingen-FTG Frankfurt"]
[Site "?"]
[Date "1992.??.??"]
[Round "?.4"]
[White "Marinkovic, I."]
[Black "Heyken, E."]
[Result "1/2-1/2"]
[WhiteElo "2485"]
[BlackElo "2420"]
[PlyCount "71"]
[EventDate "1992.??.??"]

1. e4 e6 2. d4 d5 3. Nd2 Nf6 4. e5 Nfd7 5. c3 c5 6. Bd3 Nc6 7. Ne2 cxd4 8. cxd4
f6 9. exf6 Qxf6 10. Nf3 h6 11. Qc2 Bd6 12. Bg6+ Ke7 13. a3 e5 14. Nc3 Nb6 15.
dxe5 Nxe5 16. Nxe5 Qxe5+ 17. Ne2 Bg4 18. f3 Rac8 19. Qd3 Bh5 20. Bf4 Bxg6 21.
Qxg6 Qf6 22. Qxf6+ gxf6 23. Bxd6+ Kxd6 24. Nd4 Nc4 25. O-O Nxb2 26. Rab1 Nc4
27. Rxb7 a6 28. a4 Ke5 29. Rd1 Rhe8 30. Kf2 Kd6 31. Ra7 Kc5 32. Rxa6 Nb2 33.
Rd2 Nc4 34. Rd1 Nb2 35. Rd2 Nc4 36. Rd1 1/2-1/2

[Event "BL 9192 Sindelfingen-FTG Frankfurt"]
[Site "?"]
[Date "1992.??.??"]
[Round "?.5"]
[White "Kohlweyer, B."]
[Black "Kraut, R."]
[Result "0-1"]
[WhiteElo "2405"]
[BlackElo "2405"]
[PlyCount "78"]
[EventDate "1992.??.??"]

1. d4 d5 2. c4 dxc4 3. Nf3 Nf6 4. Nc3 Nc6 5. e4 Bg4 6. d5 Ne5 7. Bf4 Bxf3 8.
gxf3 Nfd7 9. Bxe5 Nxe5 10. f4 Nd3+ 11. Bxd3 cxd3 12. Qxd3 Qd7 13. O-O-O O-O-O
14. e5 Kb8 15. Qe3 g6 16. Rd3 Bh6 17. Rhd1 Qf5 18. Rd4 a6 19. Ne2 e6 20. Ng3
Qg4 21. h3 Qh4 22. d6 cxd6 23. exd6 Rxd6 24. Kb1 Bxf4 25. Qf3 Rhd8 26. Rxd6
Rxd6 27. Rxd6 Bxd6 28. Qxf7 Qxh3 29. Qd7 Bxg3 30. Qd8+ Ka7 31. Qd4+ Ka8 32.
fxg3 Qf1+ 33. Kc2 Qg2+ 34. Kc1 Qc6+ 35. Kb1 Qd5 36. Qh8+ Ka7 37. a3 h5 38. Qg7
Qd3+ 39. Ka2 Qxg3 0-1

[Event "BL 9192 Sindelfingen-FTG Frankfurt"]
[Site "?"]
[Date "1992.??.??"]
[Round "?.6"]
[White "Gerstner, W."]
[Black "Werner, D."]
[Result "0-1"]
[WhiteElo "2405"]
[BlackElo "2385"]
[PlyCount "68"]
[EventDate "1992.??.??"]

1. c4 g6 2. Nc3 Bg7 3. g3 e5 4. Bg2 d6 5. d3 f5 6. e3 Nf6 7. Nge2 Nc6 8. Nd5
O-O 9. Nec3 Ne7 10. O-O c6 11. Nxf6+ Bxf6 12. b4 a6 13. Bb2 Be6 14. Ne2 b5 15.
Qc2 Ra7 16. a4 bxc4 17. dxc4 d5 18. c5 g5 19. f4 gxf4 20. gxf4 d4 21. Rad1 Nd5
22. Bxd5 Bxd5 23. Qxf5 dxe3 24. fxe5 Rg7+ 25. Ng3 Be7 26. Qh5 Qb8 27. Rxf8+
Bxf8 28. Bc3 a5 29. Qh4 axb4 30. Qxb4 Qa7 31. Rb1 e2 32. Bd4 Rg4 33. Qb6 Qg7
34. Bf2 Qxe5 0-1

[Event "BL 9192 Sindelfingen-FTG Frankfurt"]
[Site "?"]
[Date "1992.??.??"]
[Round "?.7"]
[White "Degenhardt, H."]
[Black "Franke, H."]
[Result "1-0"]
[WhiteElo "2305"]
[BlackElo "2380"]
[PlyCount "39"]
[EventDate "1992.??.??"]

1. e4 e6 2. Nf3 d5 3. Nc3 Nf6 4. e5 Nfd7 5. d4 c5 6. Bb5 Nc6 7. O-O a6 8. Bxc6
bxc6 9. Na4 Qc7 10. c3 Be7 11. Re1 O-O 12. Bg5 f6 13. exf6 gxf6 14. Bh6 e5 15.
Nh4 Rf7 16. Qg4+ Kh8 17. Qh5 Kg8 18. Re3 Bf8 19. Rg3+ Bg7 20. Nf5 1-0

[Event "BL 9192 Sindelfingen-FTG Frankfurt"]
[Site "?"]
[Date "1992.??.??"]
[Round "?.8"]
[White "Werner, Marc"]
[Black "Staller, P."]
[Result "0-1"]
[WhiteElo "2335"]
[BlackElo "2360"]
[PlyCount "92"]
[EventDate "1992.??.??"]

1. e4 e6 2. d4 d5 3. Nc3 Nc6 4. Nf3 Nf6 5. exd5 exd5 6. Bb5 Bb4 7. O-O O-O 8.
Bxc6 bxc6 9. Ne5 Bxc3 10. bxc3 Ne4 11. c4 dxc4 12. Ba3 Re8 13. Nxc6 Qf6 14.
Ne7+ Kh8 15. Qe1 Bb7 16. Rb1 Qa6 17. Qb4 Rab8 18. Rfe1 h6 19. d5 Bxd5 20. Qxb8
Rxb8 21. Rxb8+ Kh7 22. Bb4 Bb7 23. Nf5 Qb6 24. Rxe4 Qxb4 25. h4 Qb1+ 26. Kh2
Qxc2 27. Rf4 Bd5 28. Ne3 Qg6 29. Rd8 Be6 30. Nxc4 Qc2 31. Ne5 Qxa2 32. h5 Qe2
33. Nf3 Qb5 34. g4 c5 35. Kg3 Qb6 36. Rd3 Qc7 37. g5 c4 38. Rc3 Qc5 39. g6+
fxg6 40. hxg6+ Kxg6 41. Re3 Qd6 42. Nd4 Bd7 43. Kf3 a5 44. Rc3 a4 45. Ne2 a3
46. Rc2 Qd3+ 0-1

[Event "BL 9192 Dortmund-Sindelfingen"]
[Site "?"]
[Date "1992.??.??"]
[Round "?.1"]
[White "Rajkovic, D."]
[Black "Razuvaev, Y."]
[Result "1/2-1/2"]
[WhiteElo "2470"]
[BlackElo "2575"]
[PlyCount "83"]
[EventDate "1992.??.??"]

1. d4 Nf6 2. c4 e6 3. Nf3 b6 4. g3 Ba6 5. b3 Bb7 6. Bg2 Bb4+ 7. Bd2 a5 8. O-O
O-O 9. Nc3 d6 10. a3 Bxc3 11. Bxc3 Nbd7 12. Qd3 Be4 13. Qe3 c6 14. Rac1 Qb8 15.
Bh3 b5 16. Nd2 Bg6 17. Ba1 Re8 18. g4 d5 19. g5 Ne4 20. Nf3 bxc4 21. bxc4 Nd6
22. Nd2 a4 23. Qg3 Nb6 24. Bg2 Rc8 25. cxd5 cxd5 26. Rxc8+ Nbxc8 27. Rc1 Ne7
28. Bc3 Nb5 29. Qxb8+ Rxb8 30. Bb2 Nf5 31. e3 Nh4 32. Bf1 Nd6 33. Bc3 Ne4 34.
Nxe4 Bxe4 35. Be2 h6 36. gxh6 gxh6 37. h3 Rb3 38. Bb4 Rb2 39. Bd1 Nf3+ 40. Kf1
Nh2+ 41. Kg1 Nf3+ 42. Kf1 1/2-1/2

[Event "BL 9192 Dortmund-Sindelfingen"]
[Site "?"]
[Date "1992.??.??"]
[Round "?.2"]
[White "Smagin, S."]
[Black "Luther, T."]
[Result "1-0"]
[WhiteElo "2550"]
[BlackElo "2490"]
[PlyCount "63"]
[EventDate "1992.??.??"]

1. e4 e6 2. d4 d5 3. Nd2 c5 4. exd5 Qxd5 5. Ngf3 cxd4 6. Bc4 Qd6 7. O-O Nf6 8.
Nb3 Nc6 9. Nbxd4 Nxd4 10. Nxd4 a6 11. Re1 Bd7 12. h3 O-O-O 13. c3 Qc7 14. Qe2
Bc5 15. Be3 e5 16. Nc2 Bxe3 17. Nxe3 Bc6 18. Rad1 g6 19. Qc2 Rxd1 20. Rxd1 Rd8
21. Qb3 Rxd1+ 22. Nxd1 Be8 23. Ne3 Ne4 24. Qb4 f5 25. Qf8 Kd8 26. Bd5 Nd6 27.
c4 b6 28. b4 Qe7 29. Qh8 e4 30. Qd4 Qc7 31. Be6 Bd7 32. Nd5 1-0

[Event "BL 9192 Dortmund-Sindelfingen"]
[Site "?"]
[Date "1992.??.??"]
[Round "?.3"]
[White "Fahnenschmidt, G."]
[Black "Schmittdiel, E."]
[Result "0-1"]
[WhiteElo "2375"]
[BlackElo "2485"]
[PlyCount "78"]
[EventDate "1992.??.??"]

1. Nf3 Nf6 2. c4 e6 3. Nc3 Bb4 4. Qc2 c5 5. a3 Ba5 6. e3 O-O 7. d4 d6 8. Be2
Nc6 9. O-O Qe7 10. b3 a6 11. Bb2 cxd4 12. exd4 d5 13. b4 Bc7 14. b5 axb5 15.
Nxb5 Ba5 16. Bd3 dxc4 17. Bxc4 Bd7 18. Rfd1 Rfd8 19. Qe2 Be8 20. Rac1 Nd5 21.
Ne5 Qg5 22. Nd3 Nb6 23. f4 Qf5 24. g4 Qg6 25. Bb3 Nd5 26. Kh1 Nce7 27. Ne5 Bxb5
28. Qxb5 Qe4+ 29. Kg1 Nxf4 30. Qf1 Ne2+ 31. Kf2 Nxc1 32. Rxc1 Rxd4 33. Nf3 Rd3
34. Bd1 Ng6 35. Be2 Nf4 36. Bxd3 Nxd3+ 37. Kg3 Qf4+ 38. Kh3 Nxb2 39. Rc2 f5 0-1

[Event "BL 9192 Dortmund-Sindelfingen"]
[Site "?"]
[Date "1992.??.??"]
[Round "?.4"]
[White "Mainka, R."]
[Black "Marinkovic, I."]
[Result "1-0"]
[WhiteElo "2455"]
[BlackElo "2485"]
[PlyCount "89"]
[EventDate "1992.??.??"]

1. e4 Nf6 2. e5 Nd5 3. d4 d6 4. Nf3 g6 5. Bc4 Nb6 6. Bb3 Bg7 7. a4 d5 8. a5 Nc4
9. Nbd2 Nxd2 10. Bxd2 O-O 11. O-O Na6 12. h3 c5 13. c3 Bf5 14. Re1 c4 15. Ba2
Nc7 16. b3 Bd3 17. bxc4 dxc4 18. Ng5 b5 19. Qg4 f5 20. Qg3 e6 21. h4 Qe8 22.
Nh3 Nd5 23. Nf4 Nxf4 24. Bxf4 h6 25. Bb3 Kh7 26. Bd1 Qe7 27. Bf3 Rad8 28. Bc1
Rfe8 29. Bc6 Rg8 30. Bxb5 Qb7 31. Ba4 Bf8 32. Bd1 Be4 33. a6 Qc6 34. Bf3 Bxf3
35. Qxf3 Rd5 36. Bd2 Bg7 37. Reb1 Rgd8 38. Rb4 Bf8 39. Rb7+ R8d7 40. Rab1 Bg7
41. Rxd7 Qxd7 42. Rb7 Qc6 43. Rxa7 Qb6 44. Rf7 Qxa6 45. Qf4 1-0

[Event "BL 9192 Dortmund-Sindelfingen"]
[Site "?"]
[Date "1992.??.??"]
[Round "?.5"]
[White "Kraut, R."]
[Black "Keitlinghaus, L."]
[Result "0-1"]
[WhiteElo "2405"]
[BlackElo "2440"]
[PlyCount "94"]
[EventDate "1992.??.??"]

1. e4 e5 2. Nf3 Nc6 3. Bb5 Nf6 4. Nc3 Bb4 5. O-O O-O 6. d3 Bxc3 7. bxc3 d6 8.
Bxc6 bxc6 9. Bg5 h6 10. Bh4 Qe7 11. Nd2 g5 12. Bg3 Kg7 13. Nc4 Be6 14. Ne3 Kg6
15. Qf3 Nh5 16. d4 f6 17. Nf5 Qe8 18. Rfb1 Ng7 19. Rb7 Rf7 20. h4 Qc8 21. Rb2
Bxf5 22. exf5+ Nxf5 23. Qxc6 Nxg3 24. fxg3 Qe8 25. Qf3 f5 26. dxe5 dxe5 27. g4
fxg4 28. Qe4+ Kg7 29. hxg5 hxg5 30. Re1 Rd8 31. Qxe5+ Qxe5 32. Rxe5 Kh6 33. Kh2
Rd2 34. Kg3 Rff2 35. Kxg4 Rxg2+ 36. Kf5 Rgf2+ 37. Ke6 g4 38. Rb8 g3 39. Rh8+
Kg7 40. Rh3 Rd6+ 41. Ke7 Rg6 42. Reh5 Re2+ 43. Kd7 g2 44. Rh7+ Kf6 45. Rf3+ Ke5
46. Re7+ Kd5 47. Rxe2 Rg7+ 0-1

[Event "BL 9192 Dortmund-Sindelfingen"]
[Site "?"]
[Date "1992.??.??"]
[Round "?.6"]
[White "Thesing, M."]
[Black "Gerstner, W."]
[Result "1-0"]
[WhiteElo "2415"]
[BlackElo "2405"]
[PlyCount "69"]
[EventDate "1992.??.??"]

1. e4 c5 2. Nc3 e6 3. f4 a6 4. Nf3 b5 5. a3 Bb7 6. d3 d5 7. e5 Nh6 8. g3 Nf5 9.
Bh3 g6 10. O-O h5 11. Qe2 Be7 12. Nd1 Nc6 13. c3 a5 14. Ne3 Kf8 15. Bg2 Kg7 16.
Qf2 b4 17. Nxf5+ gxf5 18. Be3 Ba6 19. Bxc5 bxa3 20. bxa3 Bxd3 21. Rfd1 Be4 22.
c4 Bxc5 23. Qxc5 Ne7 24. cxd5 Nxd5 25. Rac1 Rb8 26. Nd4 Rc8 27. Qa7 Qb6 28.
Qxb6 Nxb6 29. Bxe4 fxe4 30. f5 Nc4 31. fxe6 Nxe5 32. Rxc8 Rxc8 33. e7 Nd3 34.
Nf5+ Kf6 35. Nd6 1-0

[Event "BL 9192 Dortmund-Sindelfingen"]
[Site "?"]
[Date "1992.??.??"]
[Round "?.7"]
[White "Bialas, W."]
[Black "Buecker, S."]
[Result "0-1"]
[WhiteElo "2340"]
[BlackElo "2365"]
[PlyCount "74"]
[EventDate "1992.??.??"]

1. Nf3 f5 2. g3 Nf6 3. Bg2 d6 4. d4 g6 5. O-O Bg7 6. c4 O-O 7. Nc3 c6 8. d5 Bd7
9. Nd4 Qb6 10. Rb1 Na6 11. b3 Nc7 12. Bb2 Rad8 13. e3 e5 14. dxe6 Nxe6 15. Nde2
Bc8 16. Qc2 Rd7 17. Na4 Qc7 18. Nd4 Rdd8 19. Nxe6 Bxe6 20. Bd4 Qf7 21. Nc3 a6
22. Rfd1 Ng4 23. Bxg7 Qxg7 24. h3 Ne5 25. Rd4 Nf7 26. Rbd1 Rde8 27. a4 Bc8 28.
b4 Re5 29. b5 axb5 30. axb5 Bd7 31. Qa4 Rc8 32. Qa7 cxb5 33. Bxb7 Rcc5 34. Bd5
b4 35. Qxd7 bxc3 36. Qd8+ Qf8 37. Qa5 Rxa5 0-1

[Event "BL 9192 Dortmund-Sindelfingen"]
[Site "?"]
[Date "1992.??.??"]
[Round "?.8"]
[White "Stein, B."]
[Black "Werner, Marc"]
[Result "1/2-1/2"]
[WhiteElo "2355"]
[BlackElo "2335"]
[PlyCount "65"]
[EventDate "1992.??.??"]

1. e4 e5 2. Nf3 Nf6 3. Nc3 Nc6 4. d4 exd4 5. Nxd4 Bb4 6. Nxc6 bxc6 7. Bd3 O-O
8. O-O d5 9. exd5 cxd5 10. Bg5 Be6 11. Qf3 Be7 12. Rfe1 Qd7 13. h3 Rab8 14. b3
h6 15. Bh4 Rb4 16. Bg3 Rd8 17. Be5 Ne8 18. Rad1 Bf6 19. Qg3 Bxe5 20. Rxe5 Nf6
21. Ne2 Qd6 22. c3 Rb6 23. f4 c5 24. Bb1 Bc8 25. Kh2 Bb7 26. Qe3 Kf8 27. Ng3 g6
28. Qf2 Qc7 29. Re2 Rbd6 30. Red2 a5 31. a3 Qb6 32. Bc2 Kg7 33. Kg1 1/2-1/2

[Event "BL 9192 Solingen-FTG Frankfurt"]
[Site "?"]
[Date "1992.??.??"]
[Round "?.1"]
[White "Khalifman, A."]
[Black "Chandler, M."]
[Result "1/2-1/2"]
[WhiteElo "2625"]
[BlackElo "2590"]
[PlyCount "53"]
[EventDate "1992.??.??"]

1. d4 Nf6 2. c4 e6 3. Nf3 b6 4. g3 Ba6 5. b3 d5 6. cxd5 exd5 7. Bg2 Bb4+ 8. Bd2
Bxd2+ 9. Qxd2 O-O 10. Nc3 Re8 11. Ne5 c5 12. O-O Bb7 13. Rfd1 Qe7 14. e3 Na6
15. Rac1 Rac8 16. Qb2 Nc7 17. a3 cxd4 18. exd4 Ne6 19. f4 Red8 20. b4 Ne4 21.
b5 Qd6 22. Ng4 Nf8 23. Ne3 Nd7 24. Nexd5 Nxc3 25. Nxc3 Bxg2 26. Kxg2 Nf6 27.
Qb4 1/2-1/2

[Event "BL 9192 Solingen-FTG Frankfurt"]
[Site "?"]
[Date "1992.??.??"]
[Round "?.3"]
[White "Tischbierek, R."]
[Black "Mohr, S."]
[Result "0-1"]
[WhiteElo "2485"]
[BlackElo "2455"]
[PlyCount "78"]
[EventDate "1992.??.??"]

1. e4 d6 2. Nc3 g6 3. Bc4 Bg7 4. d3 c6 5. Bb3 Na6 6. f4 Nc5 7. Nf3 d5 8. e5 h5
9. Be3 Ne6 10. Ne2 Nh6 11. Nh4 Nc7 12. Bf2 b6 13. O-O e6 14. Nf3 Qd7 15. h3 Bb7
16. a4 c5 17. c3 Nf5 18. d4 Bf8 19. a5 Be7 20. g3 Ba6 21. Re1 Kf8 22. Bc2 Kg7
23. Kg2 Bxe2 24. Qxe2 cxd4 25. g4 Ne3+ 26. Bxe3 dxe3 27. Qxe3 Bc5 28. Qd2 bxa5
29. f5 gxf5 30. gxf5 exf5 31. Kh2 Rag8 32. Nd4 Kf8 33. Bxf5 Qe7 34. Rf1 Qh4 35.
Rf3 Rg5 36. Raf1 Rhg8 37. Bd7 R8g7 38. R1f2 Rg3 39. Nf5 Qxh3# 0-1

[Event "BL 9192 Solingen-FTG Frankfurt"]
[Site "?"]
[Date "1992.??.??"]
[Round "?.4"]
[White "Reeh, O."]
[Black "Gutman, L."]
[Result "1/2-1/2"]
[WhiteElo "2445"]
[BlackElo "2465"]
[PlyCount "127"]
[EventDate "1992.??.??"]

1. e4 c5 2. Nf3 d6 3. d4 cxd4 4. Nxd4 Nf6 5. Nc3 a6 6. f4 Qc7 7. Nf3 Bg4 8. h3
Bxf3 9. Qxf3 e6 10. Bd3 Nc6 11. O-O Be7 12. Kh1 Rc8 13. Bd2 Nd7 14. Rae1 Nc5
15. Qg3 O-O 16. e5 Nxd3 17. cxd3 Kh8 18. Ne4 d5 19. Ng5 Nd4 20. Qf2 Nc2 21. Rc1
Qd7 22. f5 exf5 23. Qxf5 Qxf5 24. Rxf5 Bxg5 25. Bxg5 Kg8 26. Rcf1 Nd4 27. R5f2
Rc7 28. Bd2 Rc2 29. Be3 Rxf2 30. Rxf2 Ne6 31. d4 Rc8 32. Kg1 Rc4 33. Rd2 Nd8
34. Kf2 Nc6 35. Ke2 h5 36. Kd1 Kh7 37. Rf2 Kg6 38. b3 Rb4 39. Rf4 a5 40. Kd2 a4
41. Kc3 axb3 42. axb3 Rb6 43. g4 hxg4 44. Rxg4+ Kh7 45. Rf4 Kg8 46. Rf1 Na5 47.
Rb1 Kh7 48. h4 Kg6 49. Rg1+ Kf5 50. b4 Nc4 51. Rg5+ Ke6 52. Bf4 g6 53. h5 gxh5
54. Rxh5 Ra6 55. Bc1 Ra1 56. Rh6+ Kd7 57. Kc2 Ra2+ 58. Kc3 Rf2 59. b5 Rf1 60.
Bg5 Rg1 61. Bf4 Rg6 62. Rh8 Rg4 63. Bc1 Rg3+ 64. Kc2 1/2-1/2

[Event "BL 9192 Solingen-FTG Frankfurt"]
[Site "?"]
[Date "1992.??.??"]
[Round "?.5"]
[White "Heyken, E."]
[Black "Podzielny, K."]
[Result "0-1"]
[WhiteElo "2420"]
[BlackElo "2450"]
[PlyCount "74"]
[EventDate "1992.??.??"]

1. c4 Nf6 2. Nc3 g6 3. e4 d6 4. g3 c5 5. Bg2 Nc6 6. Nge2 Bg7 7. d3 a6 8. a3 Rb8
9. Rb1 b5 10. cxb5 axb5 11. b4 c4 12. d4 Bd7 13. O-O O-O 14. h3 e6 15. Be3 Ne7
16. Bf4 Qb6 17. a4 bxa4 18. Nxa4 Bxa4 19. Qxa4 Ra8 20. Qc2 d5 21. exd5 Nfxd5
22. Qxc4 Nxf4 23. Nxf4 Rac8 24. Qa2 Bxd4 25. Qa5 Nf5 26. Ne2 Rfd8 27. Nxd4 Qxd4
28. Bf3 Qc3 29. Bb7 Nxg3 30. Bxc8 Rxc8 31. Rfd1 Ne2+ 32. Kh2 Qf6 33. Qb6 Qf4+
34. Kg2 Rc3 35. Qd8+ Kg7 36. Qa8 Qf5 37. f3 Nf4+ 0-1

[Event "BL 9192 Solingen-FTG Frankfurt"]
[Site "?"]
[Date "1992.??.??"]
[Round "?.6"]
[White "Schaefer, Ma"]
[Black "Kohlweyer, B."]
[Result "1/2-1/2"]
[WhiteElo "2430"]
[BlackElo "2405"]
[PlyCount "49"]
[EventDate "1992.??.??"]

1. e4 c5 2. Nf3 Nc6 3. d4 cxd4 4. Nxd4 Qb6 5. Nb3 Nf6 6. Nc3 e6 7. Bd3 a6 8.
O-O Be7 9. Be3 Qc7 10. f4 d6 11. Qf3 O-O 12. g4 b5 13. g5 Nd7 14. Qh5 g6 15.
Qh6 f6 16. Nd4 Nxd4 17. Bxd4 d5 18. exd5 Bc5 19. Bxc5 Qxc5+ 20. Rf2 exd5 21.
Bxg6 hxg6 22. Qxg6+ Kh8 23. Re1 Ra7 24. b4 Qxb4 25. Qh6+ 1/2-1/2

[Event "BL 9192 Solingen-FTG Frankfurt"]
[Site "?"]
[Date "1992.??.??"]
[Round "?.7"]
[White "Werner, D."]
[Black "Zysk, R."]
[Result "0-1"]
[WhiteElo "2385"]
[BlackElo "2390"]
[PlyCount "68"]
[EventDate "1992.??.??"]

1. e4 e6 2. d4 d5 3. e5 c5 4. c3 Nc6 5. Nf3 Bd7 6. a3 Rc8 7. b4 cxd4 8. cxd4
Qb6 9. Be3 Nh6 10. Bd3 Ng4 11. O-O Be7 12. Nbd2 Nb8 13. Bg5 Rc3 14. Bxe7 Kxe7
15. Nb1 Rxd3 16. Qxd3 Bb5 17. Qd2 Bxf1 18. Qg5+ Kf8 19. Kxf1 Nh6 20. g4 Ng8 21.
Kg2 Nc6 22. Nc3 h6 23. Qd2 Nge7 24. Rb1 h5 25. h3 hxg4 26. hxg4 Ng6 27. Qg5 Ke8
28. Ne2 Qb5 29. Nf4 Nxf4+ 30. Qxf4 Qd3 31. Rc1 Qxa3 32. b5 Nd8 33. Qg5 Rh3 34.
Qf4 Rxf3 0-1

[Event "BL 9192 Solingen-FTG Frankfurt"]
[Site "?"]
[Date "1992.??.??"]
[Round "?.8"]
[White "Dueball, J."]
[Black "Degenhardt, H."]
[Result "1-0"]
[WhiteElo "2410"]
[BlackElo "2305"]
[PlyCount "57"]
[EventDate "1992.??.??"]

1. c4 g6 2. Nc3 Bg7 3. d4 d6 4. Nf3 Nf6 5. e4 O-O 6. Be2 e5 7. dxe5 dxe5 8.
Qxd8 Rxd8 9. Bg5 c6 10. Nxe5 Re8 11. O-O-O Na6 12. Rd6 Nh5 13. Nf3 Bxc3 14.
bxc3 Rxe4 15. Rd8+ Kg7 16. Bd3 Re6 17. Be3 c5 18. Re1 f5 19. Bd4+ cxd4 20. Rxe6
Bxe6 21. Rxa8 Nc5 22. Kc2 Nf4 23. Nxd4 Bf7 24. Bf1 a6 25. Rc8 b6 26. g3 Nh5 27.
Rc6 Nd7 28. c5 bxc5 29. Ne6+ 1-0

[Event "BL 9192 Sindelfingen-Solingen"]
[Site "?"]
[Date "1992.??.??"]
[Round "?.1"]
[White "Chandler, M."]
[Black "Rajkovic, D."]
[Result "1-0"]
[WhiteElo "2590"]
[BlackElo "2470"]
[PlyCount "55"]
[EventDate "1992.??.??"]

1. e4 e6 2. d4 d5 3. exd5 exd5 4. Nf3 Bd6 5. c4 Nf6 6. Nc3 dxc4 7. Bxc4 O-O 8.
O-O Bg4 9. h3 Bxf3 10. Qxf3 c6 11. Be3 Nbd7 12. Rad1 Qa5 13. Bb3 Rad8 14. Rfe1
Nb6 15. Bd2 Qa6 16. Bg5 Nbd7 17. Ne4 Be7 18. Ng3 Bb4 19. Re3 Rde8 20. Nf5 Rxe3
21. fxe3 Qb5 22. e4 Re8 23. e5 Nd5 24. Rf1 Qb6 25. Kh1 Kh8 26. Qg4 Bf8 27. Nd6
Bxd6 28. Qxd7 1-0

[Event "BL 9192 Sindelfingen-Solingen"]
[Site "?"]
[Date "1992.??.??"]
[Round "?.2"]
[White "Luther, T."]
[Black "Lau, R."]
[Result "1/2-1/2"]
[WhiteElo "2490"]
[BlackElo "2480"]
[PlyCount "60"]
[EventDate "1992.??.??"]

1. e4 c5 2. Nf3 e6 3. d4 cxd4 4. Nxd4 a6 5. Bd3 Bc5 6. Nb3 Ba7 7. O-O Nc6 8.
Bf4 e5 9. Be3 Nge7 10. Bxa7 Rxa7 11. c4 d6 12. Qd2 O-O 13. Rd1 Be6 14. Bf1 b6
15. Nc3 Rd7 16. Nd5 Qb8 17. Qe3 Rb7 18. Rac1 Rd8 19. Rc3 Ng6 20. a3 h6 21. Rcc1
Nf8 22. Nb4 Nxb4 23. axb4 Rc7 24. Nd2 a5 25. Qa3 Ra7 26. Nb1 Nd7 27. bxa5 Nf6
28. a6 Bc8 29. Nc3 Rxa6 30. Qb4 Bb7 1/2-1/2

[Event "BL 9192 Sindelfingen-Solingen"]
[Site "?"]
[Date "1992.??.??"]
[Round "?.4"]
[White "Marinkovic, I."]
[Black "Reeh, O."]
[Result "1/2-1/2"]
[WhiteElo "2485"]
[BlackElo "2445"]
[PlyCount "84"]
[EventDate "1992.??.??"]

1. e4 c5 2. Nf3 d6 3. d4 cxd4 4. Nxd4 Nf6 5. Nc3 Nc6 6. g3 g6 7. Nde2 b6 8. Bg2
Bb7 9. O-O Bg7 10. h3 O-O 11. Re1 Nd7 12. Rb1 a6 13. a4 Nc5 14. Be3 Rc8 15. Qd2
Nb4 16. Bd4 Bxd4 17. Nxd4 e5 18. Nde2 Qe7 19. Nd1 a5 20. Nec3 Bc6 21. b3 Ne6
22. Ne3 Nd4 23. Ne2 Qf6 24. Nxd4 exd4 25. Ng4 Qg7 26. Red1 f5 27. exf5 gxf5 28.
Nh2 f4 29. g4 f3 30. Bf1 Be4 31. Bd3 Bxd3 32. cxd3 Rc2 33. Qe1 Re2 34. Qf1 Qe5
35. Re1 Rxe1 36. Rxe1 Qd5 37. Re4 Nc6 38. Qc1 Ne5 39. Qg5+ Kh8 40. Qe7 Kg8 41.
Qg5+ Kh8 42. Qe7 Kg8 1/2-1/2